000 00477nam a2200193 a 4500
001 11553
003 CO-ViMGA
008 141112s2004 ck r 000 u spa d
020 _a8482805777
040 _aCO-ViMGA
_bspa
_cCO-ViMGA
082 0 4 _aCo863.6 S15n2
100 1 _aSantamaría, Germán
_916081
245 1 0 _aNo Moriras
250 _a4
260 _aBogotá,
_ceditorial Oveja negra,
_c1992
300 _a189 p.
650 1 4 _aNOVELA COLOMBIANA
_91193
942 _2ddc
_cBK
999 _c22748
_d22748